Dreamcatcher song by lyrics #6 - Statistics

General Stats
  • This quiz has been taken 35 times
  • The average score is 8 of 13
Answer Stats
Lyrics Songs % Correct
We're always with InSomnia We can spend more time Together hangyereul neomeo Reason
100%
Devil eyes come nuneul tteunda Scream
97%
Darling, please call me with your voice Softly tickle my ears and heart For (Yoohyeon Solo)
77%
I see a dream inside my eyes You are the dream inside my eyes Fairytale
71%
Cause your life, cause your life Cause your life is a universe STΦMP!
71%
(Fall in fall in) haega jeomulmyeon (Times to be) muneul yeoreodwo You and I
71%
Fall in love unmyeongcheoreom dageon Feeling Alldaylong
65%
oneul harudo
nan neol wihae nan neol wihae
saragalkke modeun sungan
Always (널 위해)
52%
There is no answer kore ijou yurusarenai Don't light my fire
52%
jeogi meolli meolli inneun gose jogeumsshik Trust me (괜찮아!)
42%
I can't stay away from you byeonhaji aneul geot gateun mam To. You
39%
There's something waiting there that I want I want 4 Memory
35%
maju anjaseo neol bogo isseumyeon neoye nunppiche eum nan noganaeryeo Dear
32%
No matching quizzes found
Score Distribution
Percent of People with Each Score
Percentile by Number Answered
Your Score History
You have not taken this quiz